Vista normal
Vista MARC
Entrada Personal Name
Número de registros utilizados en: 1
001 - CONTROL NUMBER
- control field: 17850
003 - CONTROL NUMBER IDENTIFIER
- control field: DLC
005 - DATE AND TIME OF LATEST TRANSACTION
- control field: 20260216130245.0
008 - FIXED-LENGTH DATA ELEMENTS
- fixed length control field: 121005n| azannaabn |a aaa
010 ## - LIBRARY OF CONGRESS CONTROL NUMBER
- LC control number: nb2012023244
035 ## - SYSTEM CONTROL NUMBER
- System control number: (OCoLC)oca09319677
040 ## - CATALOGING SOURCE
- Original cataloging agency: Uk
- Language of cataloging: spa
- Description conventions: rda
- Transcribing agency: Mx-PuUPA
- Modifying agency: TxU
- Modifying agency: CU-A
- Modifying agency: Mx-PuUPA
046 ## - SPECIAL CODED DATES
- Birth date: 1976
- Source of date scheme: edtf
100 1# - HEADING--PERSONAL NAME
- Personal name: Gómez, Carlos Miguel,
- Dates associated with a name: 1976-
370 ## - ASSOCIATED PLACE
- Place of birth: Bucaramanga (Colombia)
- Associated country: Colombia
- Source of term: naf
372 ## - FIELD OF ACTIVITY
- Field of activity: Comunicación intercultural
- Source of term: lcsh
373 ## - ASSOCIATED GROUP
- Associated group: Pontificia Universidad Javeriana
- Source of term: naf
373 ## - ASSOCIATED GROUP
- Associated group: Universidad de Lancaster
- Source of term: naf
373 ## - ASSOCIATED GROUP
- Associated group: Universidad de Fráncfort del Meno
- Source of term: naf
373 ## - ASSOCIATED GROUP
- Associated group: Unversidad de Goethe de Frankfurt
- Source of term: naf
373 ## - ASSOCIATED GROUP
- Associated group: Universidad del Rosario, Bogota
- Source of term: naf
373 ## - ASSOCIATED GROUP
- Associated group: Centro de Estudios Teológicos y de las Religiones- CETRE
- Source of term: naf
374 ## - OCCUPATION
- Occupation: Miembros del profesorado universitario y de la facultad
- Occupation: Autor
- Occupation: Doctor en Filosofía de la Religión
- Source of term: lcdgt
375 ## - GENDER
- Gender: hombre
- Source of term: lcdgt
377 ## - ASSOCIATED LANGUAGE
- Language code: spa
- Language code: eng
400 1# - SEE FROM TRACING--PERSONAL NAME
- Personal name: Gómez Rincón, Carlos Miguel
- Dates associated with a name: 1976-
400 1# - SEE FROM TRACING--PERSONAL NAME
- Personal name: Rincón, Carlos Miguel Gómez
- Dates associated with a name: 1976-
670 ## - SOURCE DATA FOUND
- Source citation: Interculturality, rationality and dialogue, c2012:
- Information found: t.p. (Carlos Miguel Gómez)
670 ## - SOURCE DATA FOUND
- Source citation: Cuatro aproximaciones al diálogo argumentativo cultural, 2013:
- Information found: t.p. (Carlos Miguel Gómez Rincón)
670 ## - SOURCE DATA FOUND
- Source citation: Palabra de remedio y otras historias de yagé, 2020:
- Information found: title page (Carlos Miguel Gómez Rincón) front flap (male; born 1976 in Bucaramanga, Colombia; philosopher, poet, and narrator; PhD in religious philosophy from Universidad Geothe de Frankfurt; master's degree in religion from Universidad de Lancaster; bachelor's degree from Universidad Javeriana de Bogota; associate professor at Universidad del Rosario; work list)